000 00516 a2200169 4500
003 NUST
038 _aa
082 _aBESE-3
100 _aMuhammad Kamran Azhar
_993295
245 _aJINI Services Manager
_cMuhammad Kamran Azhar
260 _aRawalpindi,
_bNUST Military College of Signals,
_c2001.
300 _a79 p. :
_bill. ;
_c27 cm.
500 _aSupervisors : Dr. Arshad Ali, Dr. Iosif Legrand.
563 _aa
856 _uhttp://10.250.8.41:8080/xmlui/handle/123456789/11434
942 _cTHE
_kBESE-3 KAM
_2ddc
999 _c9179
_d9179